Ingenieurinnen Frauen für die Zukunft
Gespeichert in:
| 1. Verfasser: | |
|---|---|
| Weitere Verfasser: | |
| Format: | Buch |
| Sprache: | Deutsch |
| Veröffentlicht: |
Berlin
Walter de Gruyter
1987
|
| Schlagworte: | |
| Tags: |
Keine Tags, Fügen Sie das erste Tag hinzu!
|
MARC
| LEADER | 00000nam a2200000 4500 | ||
|---|---|---|---|
| 001 | c026161 | ||
| 005 | 20221206140119.4 | ||
| 020 | |a 3-11-011381-3 | ||
| 041 | 0 | |a ger | |
| 044 | |a DE | ||
| 245 | 1 | 0 | |a Ingenieurinnen |b Frauen für die Zukunft |c Doris Janshen, Hedwig Rudolph et al. |
| 264 | 1 | |a Berlin |b Walter de Gruyter |c 1987 | |
| 300 | |a 381 s. | ||
| 610 | 2 | 0 | |a ženy |
| 610 | 2 | 0 | |a inžinieri |
| 610 | 2 | 0 | |a zamestnanie |
| 610 | 2 | 0 | |a rovnoprávnosť |
| 610 | 2 | 0 | |a vzdelanie |
| 610 | 2 | 0 | |a podmienky sociálne |
| 610 | 2 | 0 | |a rodina |
| 610 | 2 | 0 | |a univerzity |
| 610 | 2 | 0 | |a štúdium inžinierske |
| 610 | 2 | 0 | |a povolania |
| 610 | 2 | 0 | |a muži |
| 610 | 2 | 0 | |a štúdie |
| 610 | 2 | 0 | |a výskum |
| 610 | 2 | 0 | |a konkurencia |
| 610 | 2 | 0 | |a vzťahy pracovné |
| 100 | 1 | |a Janshen, Doris | |
| 700 | 1 | |a Rudolph, Hedwig | |